Seinfeld Recurring Characters - Statistics

General Stats
  • This quiz has been taken 1,466 times
    899 since last reset
  • The average score is 15 of 30
Answer Stats
Hint Answer % Correct
Jerry's nemesis Newman
99%
Elaine's on-and-off boyfriend David Puddy
93%
George's fiancée Susan Ross
90%
George's father Frank Costanza
89%
Elaine's boss in a retail company that sells clothing and fashion accessories J. Peterman
89%
Jerry's father Morty Seinfeld
86%
Brother of Jerry's mother Uncle Leo
81%
Kramer's favorite lawyer Jackie Chiles
80%
George's mother Estelle Costanza
77%
Immigrant who gets deported because of Jerry Babu Bhatt
71%
George's boss at a famous MLB team George Steinbrenner
70%
Elaine's boss who eats his Snickers bars with a knife and fork Mr. Pitt
67%
Comedian Jerry hates Kenny Bania
64%
Kramer's "little" friend Mickey Abbott
64%
The bra-less wonder Sue Ellen Mischke
59%
Jerry's dentist Tim Whatley
47%
Jerry's mother Helen Seinfeld
46%
Jerry's crazy stalker Crazy Joe Davola
36%
George's crazy childhood friend Lloyd Braun
34%
George's boss who is noted for his total apathy towards his job Mr. Kruger
34%
Elaine's boss at Pendant Publishing Mr. Lippman
29%
Gave Jerry the Space Pen Jack Klompus
23%
The virgin Marla
21%
Italian chef Poppie
21%
President of NBC Russell Dalrymple
19%
Cashier at Monk's Cafe Ruthie Cohen
19%
Owner of Monk's Cafe Larry
4%
Woman that insists that the group come out to see their baby Carol
3%
George's supervisor at the same above team Matt Wilhelm
3%
Elaine's co-worker at the same above company Dugan
1%
No matching quizzes found
Score Distribution
Percent of People with Each Score
Percentile by Number Answered
Your Score History
You have not taken this quiz since the last reset